000 00291nam a2200121Ia 4500
008 241002s9999 xx 000 0 und d
082 _a153.12 MAN
100 _aMandelstam, Nadezhda
245 0 _aHope Against Hope a Memoir
260 _aLondon:
_c1971
600 _aPhilosophy
942 _cUC
999 _c18866
_d18866